[Event "Titled Tuesday intern op 16th Apr Late"]
[Site "Chess.com INT"]
[Date "2024.04.16"]
[Round "3"]
[White "Koellner, Ruben Gideon"]
[Black "Stone, Vincent W"]
[Result "1-0"]
[WhiteElo "2441"]
[BlackElo "1982"]
[PlyCount "57"]
[EventDate "2024.04.16"]
[EventType "swiss (blitz)"]
[EventRounds "11"]
[EventCountry "USA"]
[SourceTitle "CB17_2024"]
[SourceDate "2024.04.24"]
[SourceVersion "1"]
[SourceVersionDate "2024.04.24"]
[SourceQuality "1"]

1. d4 Nf6 2. Nf3 g6 3. Nbd2 Bg7 4. e4 0-0 5. Bc4 d5 6. exd5 Nxd5 7. c3 Bf5 8. 0-0 a6 9. Re1 b5 10. Bb3 Nc6 11. Ne4 Na5 12. Nc5 Nxb3 13. axb3 Qd6 14. b4 Rfe8 15. Ne5 f6 16. Nf3 e5 17. dxe5 fxe5 18. Ng5 Nf4 19. Qb3+ Qd5 20. Qxd5+ Nxd5 21. Rxa6 Rxa6 22. Nxa6 h6 23. Ne4 Bxe4 24. Rxe4 Ra8 25. Nc5 Ra1 26. Re1 e4 27. Nxe4 Nxb4 28. cxb4 Bxb2 29. Bd2 1-0

[Event "Karlsruhe Grenke op"]
[Site "Karlsruhe"]
[Date "2024.04.01"]
[Round "9"]
[White "Knuedel, Torben"]
[Black "Koellner, Ruben Gideon"]
[Result "0-1"]
[WhiteElo "2299"]
[BlackElo "2453"]
[PlyCount "72"]
[EventDate "2024.03.28"]
[EventType "swiss"]
[EventRounds "9"]
[EventCountry "GER"]
[SourceTitle "CB14_2024"]
[SourceDate "2024.04.01"]
[SourceVersion "1"]
[SourceVersionDate "2024.04.01"]
[SourceQuality "1"]

1. e4 e5 2. Nf3 Nc6 3. Bb5 a6 4. Ba4 Nf6 5. 0-0 Bc5 6. c3 b5 7. Bb3 d6 8. d4 Bb6 9. a4 Bg4 10. axb5 axb5 11. Rxa8 Qxa8 12. d5 Ne7 13. Qd3 0-0 14. Bg5 Ng6 15. h3 Bd7 16. Na3 Nh5 17. Ra1 Ngf4 18. Bxf4 Nxf4 19. Qf1 Qd8 20. Nc2 Qf6 21. Nce1 Qg6 22. Kh2 Qxe4 23. Rd1 Qg6 24. Bc2 Qh6 25. Ng1 f5 26. Bd3 Nxd3 27. Nxd3 e4 28. Nb4 Qf4+ 29. Kh1 Qxf2 30. Qxf2 Bxf2 31. Rf1 Bb6 32. Ne2 g5 33. g3 f4 34. g4 h5 35. Nd4 hxg4 36. hxg4 Bxd4 0-1

[Event "Karlsruhe Grenke op"]
[Site "Karlsruhe"]
[Date "2024.03.31"]
[Round "6"]
[White "Koellner, Ruben Gideon"]
[Black "Tokhirjonova, Gulruhbegim"]
[Result "1/2-1/2"]
[WhiteElo "2453"]
[BlackElo "2365"]
[PlyCount "89"]
[EventDate "2024.03.28"]
[EventType "swiss"]
[EventRounds "9"]
[EventCountry "GER"]
[SourceTitle "CB14_2024"]
[SourceDate "2024.04.01"]
[SourceVersion "1"]
[SourceVersionDate "2024.04.01"]
[SourceQuality "1"]

1. d4 d5 2. Nf3 Nf6 3. e3 Bf5 4. Ne5 Nbd7 5. g4 Be6 6. h3 h5 7. Rg1 hxg4 8. hxg4 g5 9. Nd2 Bg7 10. Bd3 Nxe5 11. dxe5 Ne4 12. f4 gxf4 13. exf4 c6 14. Bxe4 dxe4 15. Nxe4 Qb6 16. Nf2 f6 17. Qd3 Rd8 18. Qc3 fxe5 19. f5 Bf7 20. Be3 e4 21. Bxb6 Bxc3+ 22. bxc3 axb6 23. Nxe4 Rh3 24. Ng3 Rh2 25. Rh1 Rdd2 26. Rxh2 Rxh2 27. 0-0-0 Rh4 28. Rd4 c5 29. Rf4 Kd7 30. Ne4 Bxa2 31. Nf2 Bd5 32. Kd2 b5 33. Ke3 e5 34. fxe6+ Kxe6 35. g5 Rxf4 36. Kxf4 b6 37. Nd3 Bc4 38. Ne5 Ba2 39. g6 Kf6 40. Nd7+ Kxg6 41. Nxb6 Bb1 42. Nd7 b4 43. Nxc5 bxc3 44. Ne4 Bxc2 45. Nxc3 1/2-1/2

[Event "Bundesliga 2324"]
[Site "Germany"]
[Date "2024.03.17"]
[Round "13.8"]
[White "Koellner, Ruben Gideon"]
[Black "Wong, Gengchun"]
[Result "0-1"]
[WhiteElo "2483"]
[BlackElo "2252"]
[PlyCount "84"]
[EventDate "2023.10.21"]
[EventType "team-tourn"]
[EventRounds "15"]
[EventCountry "GER"]
[SourceTitle "CB13_2024"]
[SourceDate "2024.03.27"]
[SourceVersion "1"]
[SourceVersionDate "2024.03.27"]
[SourceQuality "1"]
[WhiteTeam "Deizisau"]
[BlackTeam "Dresden TU"]
[WhiteTeamCountry "GER"]
[BlackTeamCountry "GER"]

1. d4 d5 2. Nf3 c5 3. e3 Nf6 4. Nbd2 Nc6 5. dxc5 e6 6. a3 a5 7. b3 Bxc5 8. Bb2 0-0 9. Bd3 Qe7 10. c4 e5 11. cxd5 Nxd5 12. Qb1 f5 13. Bc4 Be6 14. Nxe5 Nxe5 15. Bxe5 Nxe3 16. fxe3 Bxc4 17. Nxc4 b5 18. 0-0 bxc4 19. Qb2 f4 20. b4 Ba7 21. b5 fxe3 22. Bd4 e2 23. Rfe1 Bxd4+ 24. Qxd4 Rac8 25. b6 Rfd8 26. Qf2 Rd2 27. Rab1 Rf8 28. Qg3 Qc5+ 29. Kh1 Qxb6 30. Rbc1 Qd4 31. Qh3 Kh8 32. Qe6 Qd3 33. h3 h6 34. Kh2 c3 35. Qb3 Rc8 36. Qb7 Rd8 37. Rb1 Qd6+ 38. Kg1 c2 39. Rbc1 Rd1 40. Kf2 Rxc1 41. Rxc1 Qf4+ 42. Kxe2 Qxc1 0-1

[Event "Titled Tuesday intern op 12th Mar Late"]
[Site "Chess.com INT"]
[Date "2024.03.12"]
[Round "7"]
[White "Shimanov, Aleksandr"]
[Black "Koellner, Ruben Gideon"]
[Result "1-0"]
[WhiteElo "2578"]
[BlackElo "2453"]
[PlyCount "83"]
[EventDate "2024.03.12"]
[EventType "swiss (blitz)"]
[EventRounds "11"]
[EventCountry "USA"]
[SourceTitle "CB12_2024"]
[SourceDate "2023.10.01"]
[SourceVersion "1"]
[SourceVersionDate "2023.10.01"]
[SourceQuality "1"]

1. Nf3 Nf6 2. c4 e6 3. g3 d5 4. Bg2 dxc4 5. Qa4+ Bd7 6. Qxc4 c5 7. Ne5 Qc8 8. Qd3 Nc6 9. Nxd7 Nxd7 10. 0-0 Be7 11. Nc3 0-0 12. b3 Rd8 13. Bb2 Nf6 14. Qc2 Nd4 15. Qd1 Qd7 16. Rc1 Rac8 17. d3 b6 18. Qd2 Nd5 19. Nxd5 exd5 20. e3 Ne6 21. f4 d4 22. e4 Nf8 23. Rce1 b5 24. e5 c4 25. bxc4 bxc4 26. dxc4 Rxc4 27. Qd3 Qa4 28. f5 Qc2 29. Be4 Qxd3 30. Bxd3 Rc7 31. Rc1 Rb7 32. Ba1 Ba3 33. Rc2 Re7 34. Re1 Red7 35. Re4 Rd5 36. e6 fxe6 37. fxe6 Ng6 38. Kg2 Ne5 39. Rd2 Bb4 40. Rd1 Bc3 41. Bc2 Bxa1 42. e7 1-0

[Event "Titled Tuesday intern op 27th Feb Late"]
[Site "Chess.com INT"]
[Date "2024.02.27"]
[Round "4"]
[White "Koellner, Ruben Gideon"]
[Black "Bortnyk, Olexandr"]
[Result "0-1"]
[WhiteElo "2465"]
[BlackElo "2608"]
[PlyCount "50"]
[EventDate "2024.02.27"]
[EventType "swiss (blitz)"]
[EventRounds "11"]
[EventCountry "USA"]
[SourceTitle "CB10_2024"]
[SourceDate "2024.03.06"]
[SourceVersion "1"]
[SourceVersionDate "2024.03.06"]
[SourceQuality "1"]

1. d4 Nf6 2. Nf3 b6 3. Nbd2 Bb7 4. e3 g6 5. Bd3 d5 6. Ne5 Bg7 7. f4 c5 8. c3 0-0 9. Qf3 Ba6 10. Bxa6 Nxa6 11. g4 Nc7 12. h4 h5 13. g5 Nd7 14. 0-0 Nxe5 15. fxe5 Qd7 16. Qg3 a5 17. a4 Ne6 18. Nf3 b5 19. axb5 Qxb5 20. Rf2 a4 21. Qg2 Rfb8 22. Ne1 Qb3 23. Ra3 Qd1 24. Bd2 Rxb2 25. Qxd5 Rd8 0-1

[Event "Titled Tuesday intern op 27th Feb Late"]
[Site "Chess.com INT"]
[Date "2024.02.27"]
[Round "9"]
[White "Koellner, Ruben Gideon"]
[Black "Pichot, Alan"]
[Result "0-1"]
[WhiteElo "2465"]
[BlackElo "2644"]
[PlyCount "62"]
[EventDate "2024.02.27"]
[EventType "swiss (blitz)"]
[EventRounds "11"]
[EventCountry "USA"]
[SourceTitle "CB10_2024"]
[SourceDate "2024.03.06"]
[SourceVersion "1"]
[SourceVersionDate "2024.03.06"]
[SourceQuality "1"]

1. d4 Nf6 2. Nf3 d5 3. e3 c6 4. Nbd2 Bf5 5. Ne5 Nfd7 6. Qf3 Bg6 7. Nxg6 hxg6 8. Bd3 e5 9. e4 f5 10. Qg3 Qf6 11. dxe5 Nxe5 12. exd5 Bd6 13. Qe3 0-0 14. Nf3 Nxf3+ 15. Qxf3 Re8+ 16. Kf1 Nd7 17. dxc6 bxc6 18. Bc4+ Kf8 19. Qxc6 Re1+ 20. Kxe1 Bb4+ 21. Bd2 Bxd2+ 22. Kxd2 Qxc6 23. Bd3 Nc5 24. Rhe1 Rd8 25. Re3 Qxg2 26. Rae1 Nxd3 27. cxd3 Qxh2 28. R1e2 Qd6 29. Kc2 Kf7 30. a3 f4 31. Rf3 Qc6+ 0-1

[Event "Titled Tuesday intern op 27th Feb Late"]
[Site "Chess.com INT"]
[Date "2024.02.27"]
[Round "3"]
[White "Koellner, Ruben Gideon"]
[Black "Ribeiro, Gustavo"]
[Result "1-0"]
[WhiteElo "2465"]
[BlackElo "2250"]
[PlyCount "79"]
[EventDate "2024.02.27"]
[EventType "swiss (blitz)"]
[EventRounds "11"]
[EventCountry "USA"]
[SourceTitle "CB10_2024"]
[SourceDate "2024.03.06"]
[SourceVersion "1"]
[SourceVersionDate "2024.03.06"]
[SourceQuality "1"]

1. d4 Nf6 2. Nf3 b6 3. Nbd2 Bb7 4. e3 e6 5. Bd3 d5 6. Ne5 Nbd7 7. f4 c5 8. c3 Bd6 9. Qf3 Qc7 10. 0-0 g6 11. a4 h5 12. g3 Rf8 13. Qg2 0-0-0 14. a5 Kb8 15. axb6 axb6 16. Nb1 c4 17. Bc2 Ne4 18. Na3 Bxa3 19. Rxa3 Nxe5 20. fxe5 Bc6 21. Bd2 Kb7 22. Qe2 Ra8 23. Rxa8 Rxa8 24. Bxe4 dxe4 25. Qxc4 Qd7 26. Qb4 Bb5 27. c4 Bc6 28. Bc3 Ra4 29. Qf8 Qe8 30. Rxf7+ Ka6 31. Qxe8 Bxe8 32. Re7 Bc6 33. Rxe6 Rxc4 34. Rxg6 Bd5 35. Rd6 Bg8 36. d5 Kb7 37. e6 b5 38. Rd7+ Rc7 39. Rd8 Bh7 40. d6 1-0

[Event "Titled Tuesday intern op 27th Feb Late"]
[Site "Chess.com INT"]
[Date "2024.02.27"]
[Round "2"]
[White "Ronka, Erik"]
[Black "Koellner, Ruben Gideon"]
[Result "0-1"]
[WhiteElo "2300"]
[BlackElo "2465"]
[PlyCount "98"]
[EventDate "2024.02.27"]
[EventType "swiss (blitz)"]
[EventRounds "11"]
[EventCountry "USA"]
[SourceTitle "CB10_2024"]
[SourceDate "2024.03.06"]
[SourceVersion "1"]
[SourceVersionDate "2024.03.06"]
[SourceQuality "1"]

1. e4 d6 2. d4 Nf6 3. Nc3 e5 4. Nf3 Nbd7 5. Rg1 c6 6. g4 h6 7. Be3 Be7 8. Qd2 Qc7 9. h4 Nf8 10. g5 hxg5 11. hxg5 Ng4 12. 0-0-0 Nxe3 13. fxe3 Ng6 14. Bc4 Be6 15. Bxe6 fxe6 16. Qg2 0-0-0 17. Qg4 Nf8 18. Rh1 Rxh1 19. Rxh1 Kb8 20. Rh8 exd4 21. exd4 d5 22. Rg8 Bb4 23. Nd1 Qf7 24. Rh8 Bd6 25. e5 Be7 26. g6 Nxg6 27. Rxd8+ Bxd8 28. Nd2 Qf5 29. Qg2 Bg5 30. c3 Nf4 31. Qh2 Nd3+ 32. Kc2 Ne1+ 33. Kb3 Qc2+ 34. Ka3 Qxd2 35. Qh8+ Kc7 36. Qxg7+ Kb6 37. Qf8 Nc2+ 38. Kb3 Qxd1 39. Qc5+ Ka6 40. Ka4 Nxd4+ 41. Ka3 Nb5+ 42. Kb4 Qg4+ 43. Kb3 Qc4+ 44. Qxc4 dxc4+ 45. Kxc4 Nc7 46. Kc5 Be7+ 47. Kc4 b5+ 48. Kd4 c5+ 49. Ke4 Kb6 0-1

[Event "Baden-Baden op"]
[Site "Baden-Baden"]
[Date "2024.02.12"]
[Round "6"]
[White "Kocharin, Timur"]
[Black "Koellner, Ruben Gideon"]
[Result "1/2-1/2"]
[WhiteElo "2216"]
[BlackElo "2465"]
[PlyCount "216"]
[EventDate "2024.02.09"]
[EventType "swiss"]
[EventRounds "9"]
[EventCountry "GER"]
[SourceTitle "CB08_2024"]
[SourceDate "2024.02.21"]
[SourceVersion "1"]
[SourceVersionDate "2024.02.21"]
[SourceQuality "1"]

1. e4 e5 2. Nf3 Nc6 3. Bc4 Bc5 4. d3 Nf6 5. Nc3 0-0 6. Bg5 h6 7. Bh4 Be7 8. 0-0 d6 9. h3 Na5 10. Bxf6 Bxf6 11. Qd2 c6 12. a4 Nxc4 13. dxc4 Be7 14. b3 f5 15. exf5 Bxf5 16. Rad1 Qe8 17. c5 Rd8 18. cxd6 Bxd6 19. Qe2 e4 20. Qc4+ Qf7 21. Qxf7+ Kxf7 22. Nd2 Bb4 23. Ncb1 b5 24. g4 Bg6 25. c3 Be7 26. Rde1 bxa4 27. bxa4 Rd3 28. Nxe4 Rfd8 29. f3 Kf8 30. Re2 Rb8 31. Nbd2 Rb2 32. Rff2 Bh4 33. Rg2 Ra2 34. Nc4 Rxa4 35. Ne5 Bxe4 36. Rxe4 Rxe4 37. fxe4 Rxh3 38. Nxc6 Rxc3 39. Nxa7 Rc5 40. Rb2 Bf6 41. Rb7 Rg5 42. Kf2 Rxg4 43. Kf3 Rg1 44. Nc8 Rf1+ 45. Ke3 Rd1 46. Nb6 Bg5+ 47. Kf3 Rf1+ 48. Ke2 Ra1 49. e5 Kg8 50. Nd7 Ra3 51. Kf2 Bh4+ 52. Ke2 Bg5 53. Kf2 Kf7 54. Nf6+ Ke6 55. Rxg7 Kxe5 56. Nd7+ Kf5 57. Rf7+ Ke6 58. Rh7 Be7 59. Nb6 Bg5 60. Nd7 Rc3 61. Nf8+ Kf5 62. Rb7 Rc6 63. Nd7 Rc2+ 64. Kf3 Rc3+ 65. Kf2 Be3+ 66. Kg2 Ke6 67. Nf8+ Kf6 68. Nd7+ Ke6 69. Nf8+ Kd5 70. Ng6 Bg5 71. Ne7+ Ke5 72. Rb5+ Ke6 73. Nd5 Ra3 74. Nb4 Rb3 75. Nc2 Rd3 76. Ne1 Ra3 77. Nf3 Be3 78. Kg3 Kf6 79. Rd5 Bg5 80. Kg4 Ra4+ 81. Rd4 Ra1 82. Nxg5 Rg1+ 83. Kh3 hxg5 84. Kh2 Ra1 85. Rd2 Kf5 86. Kg2 Ra4 87. Rb2 Kg4 88. Rc2 Kh4 89. Rb2 Ra3 90. Rb4+ g4 91. Rb2 Rg3+ 92. Kh2 Re3 93. Kg2 Re4 94. Ra2 Rb4 95. Rc2 Kg5 96. Rc8 Rb2+ 97. Kg3 Rb3+ 98. Kg2 Rb5 99. Rg8+ Kf4 100. Rf8+ Rf5 101. Rxf5+ Kxf5 102. Kg3 Kg5 103. Kg2 Kf4 104. Kf2 g3+ 105. Kg2 Kg4 106. Kg1 Kf3 107. Kh1 g2+ 108. Kg1 Kg3 1/2-1/2

[Event "Baden-Baden op"]
[Site "Baden-Baden"]
[Date "2024.02.11"]
[Round "4"]
[White "Metzinger, Hannes"]
[Black "Koellner, Ruben Gideon"]
[Result "0-1"]
[WhiteElo "2002"]
[BlackElo "2465"]
[PlyCount "100"]
[EventDate "2024.02.09"]
[EventType "swiss"]
[EventRounds "9"]
[EventCountry "GER"]
[SourceTitle "CB08_2024"]
[SourceDate "2024.02.21"]
[SourceVersion "1"]
[SourceVersionDate "2024.02.21"]
[SourceQuality "1"]

1. e4 d6 2. d4 Nf6 3. Nc3 e5 4. dxe5 dxe5 5. Qxd8+ Kxd8 6. Bc4 Ke8 7. f4 Bb4 8. Bd3 Nc6 9. Nf3 a6 10. fxe5 Nd7 11. Bf4 Nf8 12. 0-0-0 Bxc3 13. bxc3 Ng6 14. Bg3 Be6 15. Nd4 Ncxe5 16. Nxe6 fxe6 17. Be2 h5 18. h4 Ke7 19. Rd4 Raf8 20. Rhd1 Nf4 21. Bf1 Rh6 22. Be1 c5 23. R4d2 Rg6 24. g3 Nd5 25. exd5 Rxf1 26. Bf2 Rxd1+ 27. Rxd1 b6 28. Be3 exd5 29. Bf4 Nc4 30. Rxd5 Re6 31. Bg5+ Kf7 32. Rd7+ Kg6 33. Kd1 Rd6+ 34. Rxd6+ Nxd6 35. Bf4 Ne4 36. c4 Kf5 37. Bc7 Kg4 38. Bxb6 Kxg3 39. Bd8 Kf3 40. Be7 Ke3 41. Bf8 g6 42. Bh6+ Kf3 43. Bf8 g5 44. hxg5 h4 45. g6 h3 46. Bd6 Nxd6 47. g7 h2 48. g8Q h1Q+ 49. Kd2 Ne4+ 50. Kd3 Qd1# 0-1

[Event "Titled Tuesday intern op 06th Feb Early"]
[Site "Chess.com INT"]
[Date "2024.02.06"]
[Round "3"]
[White "Aadit, Bhatia"]
[Black "Koellner, Ruben Gideon"]
[Result "0-1"]
[WhiteElo "2169"]
[BlackElo "2465"]
[PlyCount "54"]
[EventDate "2024.02.06"]
[EventType "swiss (blitz)"]
[EventRounds "11"]
[EventCountry "USA"]
[SourceTitle "CB07_2024"]
[SourceDate "2024.02.14"]
[SourceVersion "1"]
[SourceVersionDate "2024.02.14"]
[SourceQuality "1"]

1. d4 d6 2. e4 Nf6 3. Nc3 e5 4. Nf3 Nbd7 5. Bc4 Be7 6. a4 c6 7. 0-0 h6 8. Re1 Qc7 9. Bf1 Nf8 10. h3 g5 11. dxe5 dxe5 12. Nd2 Ng6 13. Nc4 g4 14. hxg4 Bxg4 15. f3 Be6 16. b3 h5 17. Ba3 h4 18. Bxe7 Kxe7 19. Qd2 Nf4 20. Rad1 Rad8 21. Qe3 b6 22. a5 Bxc4 23. Bxc4 Rdg8 24. b4 Rxg2+ 25. Kf1 N6h5 26. Ne2 Ng3+ 27. Nxg3 hxg3 0-1

[Event "Titled Tuesday intern op 06th Feb Late"]
[Site "Chess.com INT"]
[Date "2024.02.06"]
[Round "3"]
[White "Deac, Bogdan Daniel"]
[Black "Koellner, Ruben Gideon"]
[Result "1-0"]
[WhiteElo "2690"]
[BlackElo "2465"]
[PlyCount "69"]
[EventDate "2024.02.06"]
[EventType "swiss (blitz)"]
[EventRounds "11"]
[EventCountry "USA"]
[SourceTitle "CB07_2024"]
[SourceDate "2024.02.14"]
[SourceVersion "1"]
[SourceVersionDate "2024.02.14"]
[SourceQuality "1"]

1. d4 d6 2. Nf3 Nf6 3. Nc3 Nbd7 4. e4 e5 5. Rg1 c6 6. a4 h6 7. g4 exd4 8. Nxd4 Ne5 9. h3 d5 10. exd5 Nxd5 11. Qe2 Bd6 12. Nxd5 cxd5 13. f4 0-0 14. fxe5 Bxe5 15. Qxe5 Re8 16. Qxe8+ Qxe8+ 17. Kf2 Qe5 18. Be3 Bd7 19. Rg3 Re8 20. Bd3 a6 21. c3 Qf6+ 22. Rf3 Qh4+ 23. Kg2 g6 24. Raf1 Rf8 25. Bxg6 Kg7 26. Nf5+ Bxf5 27. Bxf5 f6 28. Bd4 Qg5 29. Bd3 Qd2+ 30. R1f2 Qc1 31. Bxf6+ Kg8 32. Bg5 hxg5 33. Rxf8+ Kg7 34. R2f7+ Kh6 35. Rh8# 1-0

[Event "Titled Tuesday intern op 23rd Jan Late"]
[Site "Chess.com INT"]
[Date "2024.01.23"]
[Round "9"]
[White "Koellner, Ruben Gideon"]
[Black "Grinev, Valeriy"]
[Result "1-0"]
[WhiteElo "2482"]
[BlackElo "2422"]
[PlyCount "79"]
[EventDate "2024.01.23"]
[EventType "swiss (blitz)"]
[EventRounds "11"]
[EventCountry "USA"]
[SourceTitle "CB05_2024"]
[SourceDate "2024.01.31"]
[SourceVersion "1"]
[SourceVersionDate "2024.01.31"]
[SourceQuality "1"]

1. d4 c5 2. e3 Nf6 3. Nf3 cxd4 4. exd4 g6 5. c3 Bg7 6. Nbd2 0-0 7. Bd3 d5 8. 0-0 Nc6 9. Re1 Bg4 10. h3 Bxf3 11. Nxf3 e6 12. Bg5 Qb6 13. Qe2 Rac8 14. h4 h5 15. Ne5 Nxe5 16. dxe5 Ng4 17. Bf4 d4 18. c4 Rfd8 19. Rad1 Qa5 20. a3 Qb6 21. b4 a5 22. c5 Qc7 23. f3 Ne3 24. Bxe3 dxe3 25. Qxe3 axb4 26. axb4 Rd5 27. f4 Rcd8 28. Be2 Bh6 29. Bf3 Rxd1 30. Rxd1 Rxd1+ 31. Bxd1 Qd7 32. Bf3 Qa4 33. Qd4 Qa3 34. Kh2 Qc1 35. g3 Qc2+ 36. Kh3 Qf5+ 37. Kg2 Qc2+ 38. Qf2 Qf5 39. Bxb7 Qc2 40. Qxc2 1-0

[Event "Titled Tuesday intern op 23rd Jan Late"]
[Site "Chess.com INT"]
[Date "2024.01.23"]
[Round "7"]
[White "Koellner, Ruben Gideon"]
[Black "Lazavik, Denis"]
[Result "0-1"]
[WhiteElo "2482"]
[BlackElo "2566"]
[PlyCount "66"]
[EventDate "2024.01.23"]
[EventType "swiss (blitz)"]
[EventRounds "11"]
[EventCountry "USA"]
[SourceTitle "CB05_2024"]
[SourceDate "2024.01.31"]
[SourceVersion "1"]
[SourceVersionDate "2024.01.31"]
[SourceQuality "1"]

1. d4 f5 2. Bg5 h6 3. Bh4 g5 4. Bg3 Bg7 5. e3 c5 6. c3 Qb6 7. Nd2 d5 8. h4 g4 9. Ne2 Nf6 10. h5 0-0 11. Qb3 Be6 12. Nf4 Bf7 13. dxc5 Qxc5 14. Qxb7 Nbd7 15. Qb5 Qc8 16. Qa6 Qb8 17. Ne6 Qxb2 18. Rb1 Qxc3 19. Nxf8 Rxf8 20. Qd3 Ne4 21. Be2 Ndc5 22. Qxc3 Bxc3 23. Rd1 Rb8 24. Bxb8 Nxd2 25. Rxd2 Ne4 26. Bxa7 Nxd2 27. Kd1 Ne4 28. Kc2 Ba5 29. f3 Ng3 30. Rh4 Nxe2 31. fxg4 d4 32. exd4 f4 33. a4 Bd5 0-1

[Event "Staufer op 34th"]
[Site "Schwaebisch Gmuend"]
[Date "2024.01.04"]
[Round "6"]
[White "Khrapko, Marharyta"]
[Black "Koellner, Ruben Gideon"]
[Result "1/2-1/2"]
[WhiteElo "2236"]
[BlackElo "2482"]
[PlyCount "77"]
[EventDate "2024.01.02"]
[EventType "swiss"]
[EventRounds "9"]
[EventCountry "GER"]
[SourceTitle "CB02_2024"]
[SourceDate "2024.01.10"]
[SourceVersion "1"]
[SourceVersionDate "2024.01.10"]
[SourceQuality "1"]

1. e4 e5 2. Nf3 Nc6 3. Bb5 Bc5 4. 0-0 Nd4 5. Nxd4 exd4 6. d3 c6 7. Bc4 d5 8. exd5 cxd5 9. Bb5+ Bd7 10. Bxd7+ Qxd7 11. Bg5 Ne7 12. Nd2 f6 13. Nb3 Bb6 14. Bd2 0-0 15. a4 a5 16. Re1 Nc6 17. Qf3 Ne5 18. Qg3 Rfc8 19. Rec1 Rc6 20. Qh4 Qc7 21. f4 Nf7 22. Qh5 Rd8 23. Qd1 Nh6 24. Kh1 Nf5 25. Qe1 Ra8 26. c4 dxc3 27. Rxc3 Qf7 28. Rxc6 bxc6 29. Bxa5 Ba7 30. Qd1 Qg6 31. d4 Rb8 32. Bc3 Nh4 33. Qe2 Rxb3 34. Qe6+ Qf7 35. Qc8+ Qf8 36. Qd7 Qf7 37. Qc8+ Qf8 38. Qd7 Qf7 39. Qc8+ 1/2-1/2

[Event "Staufer op 34th"]
[Site "Schwaebisch Gmuend"]
[Date "2024.01.03"]
[Round "4"]
[White "Lesny, Florian"]
[Black "Koellner, Ruben Gideon"]
[Result "1/2-1/2"]
[WhiteElo "2196"]
[BlackElo "2482"]
[PlyCount "159"]
[EventDate "2024.01.02"]
[EventType "swiss"]
[EventRounds "9"]
[EventCountry "GER"]
[SourceTitle "CB02_2024"]
[SourceDate "2024.01.10"]
[SourceVersion "1"]
[SourceVersionDate "2024.01.10"]
[SourceQuality "1"]

1. e4 d6 2. d4 Nf6 3. Nc3 e5 4. Nf3 Nbd7 5. Bc4 Be7 6. 0-0 Nb6 7. Bd3 Nfd7 8. a4 a5 9. Be3 c6 10. Qd2 0-0 11. Rad1 Bf6 12. b3 Re8 13. Rfe1 Qc7 14. Bf1 g6 15. d5 Be7 16. Bg5 Bf8 17. h3 Nc5 18. Be3 Na6 19. Nh2 Nb4 20. dxc6 bxc6 21. f4 Nd7 22. Nf3 exf4 23. Bxf4 Ne5 24. Nxe5 dxe5 25. Be3 Na6 26. Qf2 Bb4 27. Bd2 Bc5 28. Be3 Bb4 29. Bd2 Rd8 30. Kh1 Be6 31. Nb1 Bc5 32. Be3 Rxd1 33. Rxd1 Qb6 34. Bxc5 Nxc5 35. Nd2 Nxa4 36. Qxb6 Nxb6 37. Nf3 Nd7 38. Bc4 Bxc4 39. Rxd7 Be6 40. Rd6 c5 41. Nxe5 c4 42. Nxc4 Bxc4 43. bxc4 a4 44. c5 a3 45. Rd1 a2 46. Ra1 Kf8 47. Kg1 Ke7 48. Kf2 Ra3 49. Ke2 Kd7 50. Kd2 Kc6 51. Kc1 Kxc5 52. Kb2 Rg3 53. Rxa2 Rxg2 54. Ra7 Rh2 55. Rxf7 Rxh3 56. Rd7 Kc6 57. Rd2 g5 58. e5 g4 59. e6 Re3 60. Rh2 Kd6 61. Rxh7 Kxe6 62. Rg7 Kf5 63. c3 Kf4 64. Kb3 g3 65. Kb4 Kf3 66. c4 Re4 67. Kb5 Rg4 68. Rf7+ Ke2 69. Ra7 g2 70. Ra1 g1Q 71. Rxg1 Rxg1 72. c5 Kd3 73. c6 Kd4 74. c7 Rc1 75. Kb6 Kd5 76. Kb7 Rb1+ 77. Ka7 Rc1 78. Kb7 Kd6 79. c8Q Rxc8 80. Kxc8 1/2-1/2

[Event "Titled Tuesday intern op 19th Dec Early"]
[Site "Chess.com INT"]
[Date "2023.12.19"]
[Round "8"]
[White "Martinez Reyes, Pedro Ramon"]
[Black "Koellner, Ruben Gideon"]
[Result "1-0"]
[WhiteElo "2342"]
[BlackElo "2490"]
[PlyCount "113"]
[EventDate "2023.12.19"]
[EventType "swiss (blitz)"]
[EventRounds "11"]
[EventCountry "USA"]
[SourceTitle "CB52_2023"]
[SourceDate "2023.12.27"]
[SourceVersion "1"]
[SourceVersionDate "2023.12.27"]
[SourceQuality "1"]

1. Nf3 a6 2. g3 b5 3. Bg2 Bb7 4. 0-0 e6 5. d3 Nf6 6. e4 Be7 7. e5 Nd5 8. c4 bxc4 9. dxc4 Nb6 10. Qe2 c5 11. Nc3 Nc6 12. Rd1 Qc7 13. Bf4 h6 14. h4 Rg8 15. h5 0-0-0 16. Ne4 Kb8 17. Nd6 Bxd6 18. exd6 Qc8 19. Qe3 e5 20. Qxc5 exf4 21. Qxb6 fxg3 22. fxg3 Rde8 23. Re1 Qd8 24. Qc5 Qa5 25. Qxa5 Nxa5 26. b3 Bxf3 27. Bxf3 Nb7 28. Kf2 Nxd6 29. Red1 Kc7 30. Rd5 Ne4+ 31. Kg2 d6 32. Ra5 Kb6 33. b4 Nd2 34. Bd5 Re2+ 35. Kh3 Rge8 36. Rc1 R8e5 37. Bxf7 Rxa5 38. bxa5+ Kxa5 39. c5 dxc5 40. Rxc5+ Kb4 41. Rc7 Nf3 42. Rb7+ Kc5 43. Bb3 Ng5+ 44. Kg4 Re4+ 45. Kf5 Re3 46. g4 Rf3+ 47. Kg6 Rf4 48. Kxg7 Rxg4 49. Kxh6 Ne4 50. Rf7 Kd4 51. Kh7 Ke5 52. h6 Nf6+ 53. Rxf6 Kxf6 54. Kh8 Rd4 55. h7 Rd8+ 56. Bg8 Kg6 57. a4 1-0